| 000 | 00991nam a2200277 a 4500 | ||
|---|---|---|---|
| 003 | DO-SdBNP | ||
| 005 | 20211130073311.0 | ||
| 008 | 091006s1999 dr a r 001 e spa d | ||
| 040 |
_aDO-SdBNP _bspa _cBPMSU |
||
| 082 |
_aRD860.4409 _bP945p 1999 _222 |
||
| 100 | 1 | _aProsdocimi de Rivera, María del Carmen | |
| 245 | 1 | 0 |
_aPresencias / _cMaría del Carmen Prosdocimi de Rivera. |
| 260 |
_aSanto Domingo : _bBanreservas, _c1999. |
||
| 300 |
_a483 p. ; _c23 cm. |
||
| 490 |
_aBanreservas ; _aLiteratura, _v6 |
||
| 590 | _aInventariado, 2021/VM | ||
| 650 | 4 |
_aNovela dominicana _xHistoria y crítica |
|
| 650 | 4 |
_aPoesía dominicana _xHistoria y crítica |
|
| 650 | 4 |
_aAutores dominicanos _xHistoria y crítica |
|
| 650 | 4 |
_aLiteratura dominicana _xHistoria y crítica |
|
| 650 | 4 |
_aDiarios dominicanos _xSecciones, columnas, etc. |
|
| 710 | 4 | _aBanco de Reservas de la República Dominicana | |
| 730 | 0 | _aEl Caribe (República Dominicana) | |
| 910 | _a VMateo V. | ||
| 942 |
_2ddc _cBK |
||
| 999 |
_c13911 _d13911 |
||